[Event "FIDE Chesscom Grand Swiss 2019"]
[Site "Douglas-Isle of Man"]
[Date "2019.10.21"]
[Round "11.12"]
[White "Harikrishna, Pentala"]
[Black "Leko, Peter"]
[Result "1/2-1/2"]
[WhiteElo "2748"]
[BlackElo "2670"]
[Annotator "TA"]
[PlyCount "75"]
[EventDate "2019.10.10"]
[EventType "swiss"]
[EventCountry "GBR"]
[SourceTitle "playchess.com"]
[Source "ChessBase"]
[SourceQuality "1"]

{[%evp 15,75,0,0,0,0,0,8,-8,-8,-8,0,-12,-16,-15,0,-4,0,0,9,9,4,0,0,0,0,-8,8,0,28,29,29,0,18,16,23,23,26,23,21,18,30,18,33,31,28,16,26,0,0,0,14,0,0,0,16,0,3,-26,0,0,10,0]} 1. d4 Nf6 2. c4 e6 3. Nf3 d5 4. g3 Bb4+ 5. Bd2 Be7 6. Bg2 O-O 7. O-O c6 8. Qc2 Nbd7 9. Rc1 {E11: Bogo-Indian} a5 10. a4 (10. a3 h6 11. e3 Re8 12. b3 a4 13. b4 Ne4 14. c5 Bf6 15. Nc3 e5 16. Nxe4 dxe4 17. Nxe5 Nxe5 18. dxe5 Bxe5 {½-½ (70) Ding,L (2811)-Alekseenko,K (2671) Khanty-Mansiysk 2019}) 10... Ne4 11. Nc3 (11. Be3 {is interesting.} Nd6 12. b3 b6 13. Bf4 Bb7 14. cxd5 cxd5 15. Na3) 11... Nxd2 $146 ({Predecessor:} 11... f5 12. Be1 Bd6 13. Na2 g5 14. Rab1 Qf6 15. e3 h5 16. b4 h4 17. bxa5 hxg3 18. fxg3 {1-0 (52) Voit,D (2339)-Girya,O (2457) St Petersburg 2019}) 12. Nxd2 Nb8 13. Rd1 Na6 14. Qb3 Nb4 15. Na2 $1 Nxa2 16. Qxa2 Qb6 17. Nf3 Rd8 18. Rac1 dxc4 19. e3 Bd7 20. Ne5 Be8 21. Nxc4 Qa7 22. Qb3 Rac8 23. Ne5 Bd6 24. Nd3 Be7 25. Rc3 Rc7 26. Rdc1 Rdc8 27. Bf3 Rd8 28. Kg2 Bf6 29. h4 Be7 30. h5 h6 31. Rc4 Bd6 32. R4c2 Re7 33. Qc3 Qb6 34. Be4 Rc8 35. b3 Qd8 36. Qb2 Rec7 37. Rc4 Qe7 38. Qd2 {Accuracy: White = 56%, Black = 52%.} 1/2-1/2

[Event "FIDE Chesscom Grand Swiss 2019"]
[Site "Douglas-Isle of Man"]
[Date "2019.10.21"]
[Round "11.12"]
[White "Papaioannou, Ioannis"]
[Black "Safarli, Eltaj"]
[Result "1/2-1/2"]
[WhiteElo "2645"]
[BlackElo "2593"]
[Annotator "TA"]
[PlyCount "29"]
[EventDate "2019.10.10"]
[EventType "swiss"]
[EventCountry "GBR"]
[SourceTitle "playchess.com"]
[Source "ChessBase"]
[SourceQuality "1"]

{[%evp 27,29,0,35,0]} 1. e4 e5 2. Nf3 Nc6 3. Bb5 a6 4. Ba4 Nf6 5. O-O Be7 6. Re1 b5 7. Bb3 d6 8. c3 O-O 9. h3 Re8 ({Predecessor:} 9... Bb7) 10. d4 Bb7 11. Ng5 $146 (11. a3 Bf8 12. Nbd2 Nb8 13. Ng5 Re7 14. Ndf3 Nbd7 15. Nxf7 Rxf7 16. Ng5 d5 17. exd5 Bd6 18. dxe5 Nxe5 19. Rxe5 Bxe5 20. d6 Qxd6 21. Qxd6 cxd6 22. Nxf7 {½-½ (59) Shankland,S (2705)-Ding,L (2811) chess.com INT 2019}) 11... Rf8 12. Nf3 Re8 13. Ng5 Rf8 14. Nf3 Re8 15. Ng5 {C92: Closed Ruy Lopez: 9...Be6, Karpov and Flohr-Zaitsev Variations} 1/2-1/2

[Event "FIDE Chesscom Grand Swiss 2019"]
[Site "Douglas-Isle of Man"]
[Date "2019.10.21"]
[Round "11.13"]
[White "Maghsoodloo, Parham"]
[Black "Wojtaszek, Radoslaw"]
[Result "1/2-1/2"]
[WhiteElo "2664"]
[BlackElo "2748"]
[Annotator "TA"]
[PlyCount "65"]
[EventDate "2019.10.10"]
[EventType "swiss"]
[EventCountry "GBR"]
[SourceTitle "playchess.com"]
[Source "ChessBase"]
[SourceQuality "1"]

{[%evp 19,65,2,0,0,2,0,14,0,17,15,12,12,14,18,23,0,0,0,22,24,27,8,2,7,9,4,12,0,0,0,27,0,10,0,0,0,0,0,0,0,0,0,0,0,0,0,0,0]} 1. e4 c5 2. Nf3 d6 3. d4 cxd4 4. Nxd4 Nf6 5. Nc3 a6 6. Be2 e5 7. Nf3 Be7 8. O-O O-O 9. Bg5 Be6 10. Bxf6 Bxf6 11. Nd5 {B92: Sicilian Najdorf: 6 Be2} Nd7 12. Bc4 Rc8 13. Qe2 b5 (13... Nb6 14. Nxb6 Qxb6 15. Bxe6 fxe6 16. c3 Be7 17. Ne1 Rf6 18. Nd3 Rcf8 {½-½ (72) Giri,A (2780)-Duda,J (2730) chess.com INT 2019}) 14. Bb3 Nb6 $146 ({Predecessor:} 14... Nc5 15. Rfd1 Bxd5 16. Bxd5 Qc7 17. c3 Ne6 18. Ne1 Nf4 {½-½ (58) Munguntuul,B (2397)-Bulmaga,I (2427) Riadh 2017}) 15. Rfd1 Nxd5 16. Bxd5 Qb6 17. Rd3 Be7 18. c3 a5 19. a3 Rc5 20. Qe3 Bxd5 21. Rxd5 Rfc8 22. g3 g6 23. Kg2 Qb7 24. Rad1 {[%cal Ba1d1,Bd1d3,Bd3b3][%mdl 32]} Kg7 25. h4 h5 {The position is equal.} 26. R1d3 b4 27. Rxc5 Rxc5 28. cxb4 axb4 29. Rb3 Rc4 30. Nd2 d5 31. Nxc4 dxc4 32. Rxb4 $1 Bxb4 33. axb4 {Accuracy: White = 50%, Black = 49%.} 1/2-1/2

[Event "FIDE Chesscom Grand Swiss 2019"]
[Site "Douglas-Isle of Man"]
[Date "2019.10.21"]
[Round "11.13"]
[White "Riazantsev, Alexander"]
[Black "Puranik, Abhimanyu"]
[Result "1-0"]
[WhiteElo "2645"]
[BlackElo "2571"]
[Annotator "TA"]
[PlyCount "97"]
[EventDate "2019.10.10"]
[EventType "swiss"]
[EventCountry "GBR"]
[SourceTitle "playchess.com"]
[Source "ChessBase"]
[SourceQuality "1"]

{[%evp 13,97,14,28,26,23,29,31,32,31,23,33,28,33,0,-3,0,0,0,9,0,15,27,0,0,0,0,0,0,0,3,0,7,65,65,42,41,130,129,133,133,133,131,131,131,131,131,131,131,131,131,131,131,131,131,128,114,114,114,114,114,133,107,115,98,131,131,131,130,128,120,120,132,170,140,264,283,276,269,264,247,437,423,643,643,568,526]} 1. d4 Nf6 2. c4 g6 3. Nc3 d5 4. cxd5 Nxd5 5. Bd2 Bg7 6. e4 Nb6 7. Be3 O-O 8. Bb5 {D85: Exchange Grünfeld: Unusual White 7th moves and lines with 7 Nf3} (8. h3 e5 9. dxe5 Bxe5 10. Qc2 Nc6 11. Nf3 Bg7 12. Be2 Nb4 13. Qb1 Qe7 14. O-O Be6 15. a3 Nc6 16. Qc2 {0-1 (51) Indjic,A (2620)-Artemiev,V (2709) St Petersburg 2018}) 8... Nc6 {[%cal Rc6d4]} 9. Nge2 Na5 10. b3 {White is slightly better.} a6 11. Bd3 Nc6 {[%cal Rc6d4]} 12. Bc2 f5 13. exf5 $146 ({Predecessor:} 13. e5 Nb4 14. O-O N4d5 15. Qd2 Be6 16. Nxd5 Nxd5 {1-0 (40) Horvath,P (2434)-Ftacnik,L (2547) Germany 2013}) 13... Bxf5 14. Bxf5 Rxf5 15. O-O Qd7 16. Qd2 Rd8 {[%cal Rc6d4]} 17. Rad1 Nd5 18. Nxd5 Qxd5 19. Qc2 Qf7 20. Rd2 Rfd5 21. Rfd1 R5d7 22. Qe4 {Threatening d5.} Qf5 (22... e5 $11) 23. Qxf5 $14 gxf5 24. Nf4 Bh6 {[#]} (24... Nb4 $14) 25. d5 $1 $16 {[%cal Rd5c6]} Bxf4 26. dxc6 {[%mdl 64] Discovered Attack} ({Weaker is} 26. Bxf4 Nb4 $15) 26... Rxd2 27. Rxd2 {[%mdl 4096] Endgame KRB-KRB} Bd6 28. cxb7 {Black must now prevent Ba7.} Rb8 29. Rd5 e6 30. Ra5 Rxb7 31. f4 Rb4 32. g3 h5 33. Rxa6 h4 34. Kf2 Kf7 35. Rc6 hxg3+ 36. hxg3 Rb8 37. Bd4 Ke7 38. Ke2 Kd7 39. Rc3 Rb4 40. Kd3 Rb8 41. Kc2 Ra8 42. a4 Ra5 43. Re3 Rd5 (43... c5 $16) 44. Kc3 $18 Ra5 45. Kc4 Be7 46. Re2 Bd6 $2 {[#]} (46... Ra6 47. Rh2 Kc6) 47. Ra2 {White is clearly winning.} Kc6 (47... c5 $142 48. Be5 Kc6) 48. b4 {[%cal Bb3b4,Bb4b5][%mdl 32]} Ra8 49. b5+ {Accuracy: White = 83%, Black = 56%.} 1-0

[Event "FIDE Chesscom Grand Swiss 2019"]
[Site "Douglas-Isle of Man"]
[Date "2019.10.21"]
[Round "11.14"]
[White "Melkumyan, Hrant"]
[Black "Svidler, Peter"]
[Result "1/2-1/2"]
[WhiteElo "2650"]
[BlackElo "2729"]
[Annotator "TA"]
[PlyCount "60"]
[EventDate "2019.10.10"]
[EventType "swiss"]
[EventCountry "GBR"]
[SourceTitle "playchess.com"]
[Source "ChessBase"]
[SourceQuality "1"]

{[%evp 19,60,19,12,15,7,7,12,9,10,10,21,0,0,0,0,0,0,-6,-4,-10,0,0,0,0,0,0,0,0,0,0,0,0,10,0,0,0,0,0,0,0,0,0,0]} 1. d4 Nf6 2. c4 g6 3. Nc3 d5 4. Nf3 Bg7 5. cxd5 Nxd5 6. e4 Nxc3 7. bxc3 c5 8. Be3 Qa5 9. Qd2 O-O 10. Rc1 Rd8 {The position is equal.} 11. h4 {D85: Exchange Grünfeld: Unusual White 7th moves and lines with 7 Nf3} cxd4 (11... Nc6 12. d5 e6 13. h5 exd5 14. hxg6 hxg6 15. Bh6 Re8 16. Bxg7 Rxe4+ 17. Be2 Kxg7 18. Ng5 Re8 {½-½ (39) Predke,A (2650)-Artemiev,V (2757) Izhevsk 2019}) 12. cxd4 Qxd2+ 13. Bxd2 Bg4 14. d5 Na6 {[#]} 15. Bb5 $146 ({Predecessor:} 15. Bxa6 bxa6 16. Bf4 Rac8 17. Kd2 Bxf3 18. gxf3 e6 19. Rxc8 Rxc8 20. dxe6 fxe6 {½-½ (41) Nilsson,S (2512)-Kristjansson,A (2475) ICCF email 2015}) 15... Rac8 16. Rxc8 Bxc8 17. Bxa6 bxa6 18. Bb4 Rd7 {[#] White must now prevent ...Rb7.} 19. O-O f5 20. e5 {With the idea Rc1.} Rxd5 21. Rc1 Bb7 22. Bxe7 Bxe5 23. Nxe5 Rxe5 $11 {[%mdl 4096] Endgame KRB-KRB} 24. Rc7 Bd5 25. a3 Re1+ 26. Kh2 Re2 27. Kg1 Re1+ 28. Kh2 Re2 29. Kg1 Re1+ 30. Kh2 Re2 {Accuracy: White = 95%, Black = 83%.} 1/2-1/2

[Event "FIDE Chesscom Grand Swiss 2019"]
[Site "Douglas-Isle of Man"]
[Date "2019.10.21"]
[Round "11.14"]
[White "Sadhwani, Raunak"]
[Black "Chigaev, Maksim"]
[Result "1/2-1/2"]
[WhiteElo "2479"]
[BlackElo "2644"]
[Annotator "TA"]
[PlyCount "144"]
[EventDate "2019.10.10"]
[EventType "swiss"]
[EventCountry "GBR"]
[SourceTitle "playchess.com"]
[Source "ChessBase"]
[SourceQuality "1"]

{[%evp 20,144,64,52,45,37,34,30,49,56,48,42,107,127,130,122,138,133,122,112,131,107,138,122,127,123,130,116,141,133,118,111,105,106,120,107,113,66,58,57,62,57,57,59,70,44,63,8,8,8,8,0,0,0,0,-4,0,0,0,0,0,0,0,0,0,0,0,-1,0,-8,0,0,0,0,0,-7,0,-8,-8,-10,-2,-3,-3,-8,0,-8,-8,-10,-8,-8,-8,-10,-10,-10,-10,-10,-10,-10,-10,-10,-8,-10,-10,-10,-8,-10,-10,-10,-10,-10,-8,-10,-10,-22,-22,-22,-22,-22,-10,-11,-8,-10,-8,-11,-10,-22,-12]} 1. Nf3 Nf6 2. c4 g6 3. Nc3 Bg7 4. e4 d6 5. d4 O-O 6. Be2 e5 7. O-O exd4 8. Nxd4 Re8 9. f3 c6 10. Kh1 Nbd7 11. Nc2 Nb6 {E94: King's Indian: Classical: 6 Be2 e5 7 0-0: Various Black 7th moves} (11... Qe7 12. Bg5 Nc5 13. Qd2 Ne6 14. Be3 Rd8 15. Rad1 b6 16. Qe1 Bb7 17. Qf2 Rac8 18. Rd2 d5 19. e5 {0-1 (40) Sunilduth Lyna,N (2603)-Vishnu,P (2511) Xingtai 2019}) 12. Bg5 h6 13. Bh4 g5 {White has an edge.} 14. Bf2 Be6 15. Nd4 $146 ({Predecessor:} 15. b3 d5 16. exd5 cxd5 17. c5 Nbd7 18. Qd2 Rc8 19. b4 {1-0 (42) Yu,Z (2344)-Chabot,R (2131) Montreal 2015}) 15... d5 (15... Bxc4 $14 16. Nf5 d5) 16. exd5 $16 cxd5 17. c5 Nbd7 18. c6 bxc6 19. Nxc6 Qc7 20. Nxa7 $1 Nh5 ({Not} 20... Rxa7 $2 21. Nb5 $18) 21. Nab5 Qb8 22. Bd4 Ne5 23. Re1 Nf4 24. Bf1 Bd7 25. a4 Ned3 26. Rxe8+ (26. Bxd3 $6 Rxe1+ 27. Qxe1 Nxd3 $11) 26... Bxe8 27. Bxd3 Bxd4 28. Bh7+ {[%mdl 64] Decoy} Kxh7 29. Qc2+ Kg8 {Hoping for ...Bxb5.} 30. Nxd4 Qb4 31. Nf5 {g3 is the strong threat.} Bd7 $1 {[%cal Rd7f5] And now ...Bxf5 would win.} 32. Nxh6+ Kg7 33. Nxf7 ({White should try} 33. Nf5+ $1 $14 Bxf5 34. Qxf5 {[%mdl 64] Double Attack} Qxb2 35. Qxg5+ Ng6 36. Qc1 (36. Rc1 $2 Rc8 $17) 36... Qxc1+ 37. Rxc1) 33... Qe7 $36 {[%mdl 2048] The position is equal. Black fights for an advantage.} 34. Nxg5 Qxg5 35. Qd2 Rh8 {[#] Strongly threatening ...Rxh2+!} 36. g3 $1 {[%mdl 512]} Ne6 (36... Qxg3 37. Rg1) 37. Qxd5 Qxd5 38. Nxd5 Bc6 39. Nf4 Nxf4 40. gxf4 Bxf3+ {[%mdl 4096] Endgame KRB-KR} 41. Kg1 Kf6 42. Kf2 Ba8 43. Ke3 Rb8 44. Rb1 Rb4 45. b3 Re4+ 46. Kd2 Rxf4 47. Re1 Rh4 48. Re2 Bd5 49. Re3 Be4 50. Kc3 Ke5 51. h3 Rh8 52. Kb2 Kd4 53. Rc3 Bd5 54. Rg3 Be6 55. Rc3 Bxh3 56. Rc4+ Kd5 57. Ka3 Be6 58. Rc3 Kd4 59. Rg3 (59. Rc7 {looks sharper.} Ke5 60. Rc3 Kd6 61. a5 Bd7 62. b4) 59... Rb8 60. Rf3 Bd5 61. Rg3 Be4 62. Kb2 Rh8 63. Ka3 Bd3 64. Rg7 Rc8 65. Kb2 Be4 66. Rd7+ Bd5 67. Rg7 Rf8 68. Rg3 Rf2+ 69. Ka3 Be4 70. Kb4 Rf8 71. Ka3 Bf3 72. Kb2 Bd5 {Accuracy: White = 65%, Black = 64%.} 1/2-1/2

[Event "FIDE Chesscom Grand Swiss 2019"]
[Site "Douglas-Isle of Man"]
[Date "2019.10.21"]
[Round "11.15"]
[White "Vidit, Santosh Gujrathi"]
[Black "Deac, Bogdan-Daniel"]
[Result "1-0"]
[WhiteElo "2718"]
[BlackElo "2613"]
[Annotator "TA"]
[PlyCount "139"]
[EventDate "2019.10.10"]
[EventType "swiss"]
[EventCountry "GBR"]
[SourceTitle "playchess.com"]
[Source "ChessBase"]
[SourceQuality "1"]

{[%evp 11,139,25,17,6,13,9,7,0,4,0,0,0,10,0,0,0,2,0,8,5,10,0,2,0,2,0,12,10,10,4,10,10,16,-3,11,0,12,0,29,27,29,41,28,32,85,20,13,0,0,-17,-17,-71,28,0,0,0,0,0,0,0,0,-20,-20,-27,0,0,0,0,70,70,70,70,70,70,78,74,71,73,73,74,75,75,75,75,122,122,122,122,137,137,137,137,137,137,137,137,151,145,137,137,137,122,151,148,208,201,337,326,386,320,581,481,1326,1387,1221,1124,1827,1648,5165,2662,4134,1598,5497,10038,12652,7835,5783,5265,29966,29965]} 1. d4 Nf6 2. c4 e6 3. Nf3 d5 4. Nc3 Bb4 5. Qa4+ Nc6 6. e3 O-O 7. Qc2 {D38: Queen's Gambit Declined: Ragozin Defence (4 Nf3 Bb4)} b6 (7... Re8 8. Bd2 a6 9. a3 Bd6 10. Rd1 Bd7 11. h3 h6 12. c5 Bf8 13. Ne5 Nxe5 14. dxe5 Ne4 15. Nxe4 dxe4 {1-0 (93) So,W (2767)-Vidit,S (2718) Khanty-Mansiysk 2019}) 8. Bd2 Bb7 $146 ({Predecessor:} 8... a5 9. cxd5 exd5 10. Bd3 Ne7 11. O-O Ba6 12. Bxa6 Rxa6 13. a3 {0-1 (44) Tabatabaei,M (2590)-Bosiocic,M (2618) Bandar e Anzali 2019}) 9. cxd5 {The position is equal.} exd5 10. a3 Bd6 11. Nb5 Be7 12. Bd3 a6 13. Nc3 Bd6 14. O-O Ne7 15. Na4 a5 16. Nc3 Ba6 17. Bxa6 Rxa6 18. Nb5 Ne4 19. Rfc1 {[%cal Rb5c7]} c6 20. Nxd6 Qxd6 21. Be1 Rc8 22. a4 Qe6 23. Qe2 Ra7 24. Ra3 {[%cal Ba1a3,Ba3b3,Bb3b5][%mdl 32]} c5 25. dxc5 bxc5 26. Rb3 c4 27. Rb5 Nd6 (27... Qd7 $14) 28. Nd4 (28. Rxa5 $16 Rxa5 29. Bxa5) 28... Qd7 $11 29. Rb6 Raa8 30. Nb5 Ne4 31. Bc3 (31. Nc3 $11 {keeps the balance.}) 31... Qd8 ({Black should play} 31... Re8 $17 32. Nd4 Qxa4) 32. Rb7 (32. Qg4 $5 {[%cal Rg4g7]} Nf5 33. Rb7 $11) 32... Nc5 33. Qg4 {[%csl Gc3][%cal Rg4g7]} Ng6 34. Ra7 $1 (34. Qd4 $2 f6 $17) 34... Rxa7 35. Nxa7 $40 {[%mdl 128] White is up to no good.} Ra8 {...f5 is the strong threat.} 36. Nc6 Qd6 37. Nd4 $1 {[%cal Rd4f5] Strongly threatening Nf5.} f6 (37... Ne5 $5 {[%cal Re5g4]} 38. Qxg7+ {[%mdl 64] Decoy} Kxg7 39. Nf5+ {[%mdl 64] Double Attack} Kf6 40. Nxd6 Nxa4 $11) 38. Nf5 Qc7 39. Rd1 Rd8 ({Better is} 39... Nxa4 $11 40. Rxd5 Nxc3 41. bxc3 Kh8) 40. h4 $14 Ne5 41. Bxe5 $1 fxe5 {[#]} 42. Rxd5 $3 {[%mdl 576] Remove Defender} Rxd5 43. Qxc4 Qf7 {[#] Hoping for ...Rd1+.} 44. Qxd5 $1 {[%mdl 576] Decoy} Qxd5 45. Ne7+ {[%mdl 64] Double Attack} Kf7 46. Nxd5 Nxa4 $16 {[%mdl 4096] Endgame KN-KN} 47. b4 Ke6 48. e4 $1 axb4 49. Nxb4 Nc3 50. f3 Ne2+ 51. Kf2 Nf4 52. g3 Ng6 53. Ke3 Ne7 54. Kd3 Nc8 55. Kc3 Nd6 56. Nc2 Ne8 57. Ne3 Nf6 (57... Nd6 $16 58. Kd3 g6) 58. g4 $1 $18 Nd7 (58... h5 $142 59. gxh5 Nxh5) 59. Kb4 h6 60. Kb5 Nf8 $2 (60... h5 61. gxh5 Nf6) 61. Kc6 Ng6 {[#]} (61... Nh7 $142 62. Nf5 g6 63. Nxh6 Nf6) 62. Nf5 $1 {[%cal Rf5g7]} Kf6 63. Kd6 Nf4 64. Ne3 Nd3 65. Nc4 g6 {[#]} 66. Nb6 (66. Nxe5 $142 $1 {[%mdl 512]} Nf4 (66... Nxe5 67. g5+) 67. Nd7+ Kg7 68. e5) 66... Ne1 67. Nd7+ {[%mdl 64] Double Attack} Kg7 68. Nxe5 Ng2 69. Ke7 h5 70. g5 {Accuracy: White = 72%, Black = 44%.} 1-0

[Event "FIDE Chesscom Grand Swiss 2019"]
[Site "Douglas-Isle of Man"]
[Date "2019.10.21"]
[Round "11.15"]
[White "Bluebaum, Matthias"]
[Black "Harika, Dronavalli"]
[Result "1/2-1/2"]
[WhiteElo "2643"]
[BlackElo "2495"]
[Annotator "RC"]
[PlyCount "64"]
[EventDate "2019.10.10"]
[EventType "swiss"]
[EventCountry "GBR"]
[SourceTitle "playchess.com"]
[Source "ChessBase"]
[SourceQuality "1"]
[TimeControl "40/6000+30:20/3000+30:900+30"]

1. d4 {[%emt 0:00:00]} d5 {[%emt 0:00:51]} 2. c4 {[%emt 0:00:00]} e6 {[%emt 0:00:13]} 3. Nc3 {[%emt 0:00:00]} c6 {[%emt 0:00:05]} 4. e3 {[%emt 0:00:00]} Nf6 {[%emt 0:00:10]} 5. Nf3 {[%emt 0:00:00]} Nbd7 {[%emt 0:00:17]} 6. Be2 {[%emt 0:00:38]} Bd6 {[%emt 0:01:07]} 7. O-O {[%emt 0:00:06]} O-O {[%emt 0:00:18]} 8. a4 {[%emt 0:00:04]} a5 {[%emt 0:00:22]} 9. Qc2 {[%emt 0:00:04]} b6 {[%emt 0:00:34]} 10. e4 {[%emt 0:00:39]} dxe4 {[%emt 0:00:44]} 11. Nxe4 {[%emt 0:00:24]} Nxe4 {[%emt 0:00:50]} 12. Qxe4 {[%emt 0:00:04]} Bb7 {[%emt 0:00:16]} 13. Rd1 {[%emt 0:00:07]} Qe7 {[%emt 0:02:59]} 14. Bf4 {[%emt 0:01:32]} Bxf4 {[%emt 0:02:51]} 15. Qxf4 {[%emt 0:00:07]} Rfd8 {[%emt 0:03:08]} 16. c5 {[%emt 0:04:53]} Rdc8 {[%emt 0:15:18]} 17. Ne5 {[%emt 0:08:53]} Nxe5 {[%emt 0:00:51]} 18. dxe5 {[%emt 0:14:46]} Ba6 {[%emt 0:00:40]} 19. Bxa6 {[%emt 0:01:51]} Rxa6 {[%emt 0:00:07]} 20. Rd6 {[%emt 0:05:30]} bxc5 {[%emt 0:00:38]} 21. Rad1 {[%emt 0:02:27]} Rb6 {[%emt 0:04:42]} 22. Qc1 {[%emt 0:19:23]} h6 {[%emt 0:06:28]} 23. Qxc5 {[%emt 0:07:32]} Rxb2 {[%emt 0:01:15]} 24. Qxa5 {[%emt 0:00:24]} Qh4 {[%emt 0:15:03]} 25. g3 {[%emt 0:06:03]} Qe4 {[%emt 0:01:36]} 26. Qc3 {[%emt 0:07:03]} Rc2 {[%emt 0:04:43]} 27. Qd3 {[%emt 0:10:18]} Qxd3 {[%emt 0:00:50]} 28. R1xd3 {[%emt 0:00:21]} Ra2 {[%emt 0:01:40]} 29. R3d4 {[%emt 0:04:12]} Ra8 {[%emt 0:00:36]} 30. Rxc6 {[%emt 0:01:06]} R2xa4 {[%emt 0:00:10]} 31. Rd7 {[%emt 0:00:32]} R4a7 {[%emt 0:00:13]} 32. Rc8+ {[%emt 0:01:19]} Rxc8 {[%emt 0:00:41]} 1/2-1/2

[Event "FIDE Chesscom Grand Swiss 2019"]
[Site "Douglas-Isle of Man"]
[Date "2019.10.21"]
[Round "11.16"]
[White "Matlakov, Maxim"]
[Black "Nguyen, Ngoc Truong Son"]
[Result "1/2-1/2"]
[WhiteElo "2716"]
[BlackElo "2638"]
[Annotator "TA"]
[PlyCount "91"]
[EventDate "2019.10.10"]
[EventType "swiss"]
[EventCountry "GBR"]
[SourceTitle "playchess.com"]
[Source "ChessBase"]
[SourceQuality "1"]

{[%evp 18,91,28,12,41,38,42,37,45,16,50,35,35,0,0,0,0,0,0,0,0,0,0,-12,-25,-22,-8,-53,0,0,0,0,0,-11,0,0,20,19,24,26,25,25,19,5,6,6,21,20,20,18,19,16,7,0,0,0,0,0,0,0,0,0,14,9,14,16,16,16,17,17,17,0,0,0,0,0]} 1. e4 e5 2. Nf3 Nc6 3. Bc4 Bc5 4. O-O Nf6 5. d3 d6 6. c3 a6 7. Re1 Ba7 8. Bb3 h6 9. Nbd2 O-O 10. h3 Na5 {C54: Giuoco Piano: 4 c3 Nf6, main lines with 5 d4 and 5 d3} (10... Re8 11. Nf1 Be6 12. Bc2 d5 13. Qe2 b5 14. Rd1 Qe7 15. Ng3 Rad8 16. exd5 Nxd5 17. Qe4 Nf6 18. Qxc6 Bb6 19. d4 e4 {1-0 (89) So,W (2763)-Harikrishna,P (2734) Riga 2019}) 11. Bc2 c5 12. Nf1 Be6 {White is slightly better.} 13. N3h2 $146 ({Predecessor:} 13. Ng3 Nc6 14. Nh4 d5 15. exd5 Nxd5 16. Nhf5 Nde7 17. Nxh6+ gxh6 18. Qh5 {1-0 (47) Pecka,J (2396)-Ivanovic,Z (2327) ICCF email 2013}) 13... d5 14. exd5 Qxd5 15. Qf3 Bb8 16. Qg3 {Threatens to win with Bxh6.} Nh5 17. Qh4 Nf4 18. Bxf4 exf4 19. Nf3 Bf5 20. N1h2 {[%cal Bf1h2,Bh2f3,Bf3d4][%mdl 32]} Bc7 21. Qh5 Be4 22. Ne5 Bg6 ({Much weaker is} 22... Qxe5 $6 23. Qxe5 Bxe5 24. Rxe4 $14) ({Stronger than} 22... Bxg2 23. c4 $16) ({Black should try} 22... Bh7 $1 $15) 23. Qf3 $11 Qxf3 24. Nhxf3 Bf5 25. b4 cxb4 26. cxb4 Nc6 27. Nxc6 bxc6 28. Nd4 Bd7 29. Ba4 Rad8 30. Rac1 {The position is equal.} ({Don't blunder} 30. Bxc6 $2 Bb6 $19) 30... Bd6 $1 31. Nxc6 Bxc6 32. Rxc6 {And now Re4 would win.} Bxb4 33. Re4 a5 34. Bb5 Rfe8 35. Rcc4 Rxe4 36. Rxe4 {[%mdl 4096] Endgame KRB-KRB} g5 37. Kf1 Rd6 38. Bc4 Rd7 39. Ke2 Re7 (39... Kg7 {is interesting.} 40. Kf3 f6 41. Re8 Kg6 42. Ke4 f5+) 40. Kf3 Rxe4 41. Kxe4 {KB-KB} Be1 42. f3 Kf8 43. d4 Ke7 44. Kd5 Bf2 45. a4 f6 46. Bd3 {Accuracy: White = 56%, Black = 65%.} 1/2-1/2